000 00553nam a22001697a 4500
003 OSt
008 260625b |||||||| |||| 00| 0 eng d
020 _a9789388020657
082 _a634.92
_bS52F
100 _aShahapurmath, Girish B
245 _aForest Policy, Laws, Legislation and Constitution of India / by Girish B Shahapurmath, M. Hanumantha
260 _aDelhi :
_bSatish Serial Publishing House,
_c2020.
300 _axvi, 251 p.
650 _a Agriculture | Forestry | Forest-management
700 _aHanumantha, M.
942 _2ddc
_cBK
999 _c52288
_d52288